000 00764cab a2200229 4500
001 WB3508-10
008 090401t xxu||||| |||| 00| 0 eng d
035 _a(Sirsi) u91604
041 _aeng
245 _aRICS study of property cycle
260 _c(pr168) 25 February 1999(2)
350 _a0
490 _aRICS Press Release
_v(pr168) 25 February 1999(2)
520 _aA new RICS report will lead to a greater understanding of the property markets and their relationship with the wider economy. "The UK property cycle - a historty from 1921-1997" (RICS Books £14.95 +p&p)
650 _aECONOMY
650 _aHISTORY
650 _aPROPERTY CYCLE
650 _aPROPERTY INVESTMENT
690 _aCOMMERICAL PROPERTY
942 _n0
948 _c25/02/1999
999 _c58167
_d58167